000 00252nam a2200109Ia 4500
999 _c8060
_d8060
020 _a978-0073376769
100 _aJames A. O' Brien
245 0 _aManagement Information Systems
260 _aNew Delhi
_bPrentice Hall
_c1991
300 _a620
942 _cBK